000 01069nas a2200277Ia 4500
001 R142/77667
003 IT-RoPAU
008 151124c99999999xx |||||||||||| ||und||
040 _aIT-RoPAU
040 _cIT-RoPAU
041 _aFRANCESE
100 _aHatchuel Armand
_gCodice Aut. SPICS: 37386
210 _aRESEAUX
222 _aReseaux
245 _aRESEAUX, N.041 (MAGGIO/GIUGNO 1990)
_bMetiers Et Reseaux: Les Paradigmes Industriels De la Gpao
250 _a1a ed.
260 _aPARIS
_bCNET
_c1990
501 _bPaulus - SPICS - Società San Paolo EM (non-commercial uses only)
_cCopyright2015
300 _a15 p. [59-73]
362 _aN.041 (MAGGIO/GIUGNO 1990)
500 _aProfessioni e Reti: Paradigmi Industriali della Gpao (Gestione di Produzione Assistita Dal Computer). Gpao ed Economia di Varietà. Elaborazione Delle Nomenclature di Produzione. Evoluzione dei Servizi Commerciali e di Acquisto.
650 _aCOMUNICAZIONE
_vPUBBLICAZIONE PERIODICA
700 _aSardas Jean-Claude
700 _gCodice Aut. SPICS: 46008
942 _cCR
999 _c190832
_d190832